La recepción del boom hispanoamericano en Hungría algunas aportaciones /

Elmentve itt :
Bibliográfiai részletek
Szerző: Csikós Zsuzsanna
Dokumentumtípus: Cikk
Megjelent: 2018
Sorozat:CUADERNOS DEL CILHA 19 No. 1
Tárgyszavak:
mtmt:3400930
Online Access:http://publicatio.bibl.u-szeged.hu/22598
LEADER 00660nab a2200193 i 4500
001 publ22598
005 20211008090843.0
008 211008s2018 hu o 0|| Spanyol d
022 |a 1852-9615 
024 7 |a 3400930  |2 mtmt 
040 |a SZTE Publicatio Repozitórium  |b hun 
041 |a Spanyol 
100 1 |a Csikós Zsuzsanna 
245 1 3 |a La recepción del boom hispanoamericano en Hungría  |h [elektronikus dokumentum] :  |b algunas aportaciones /  |c  Csikós Zsuzsanna 
260 |c 2018 
300 |a 17-33 
490 0 |a CUADERNOS DEL CILHA  |v 19 No. 1 
650 4 |a Nyelvek és irodalom 
856 4 0 |u http://publicatio.bibl.u-szeged.hu/22598/1/v19n1a03.pdf  |z Dokumentum-elérés